00549 2200193 4500245006800000020002200068250001100090100002200101700001300123700001700136700002500153650004300178005001900221260005900240041001400299084001000313300002300323336000900346 aKamus Tata Kecantikan Kulit dan RambutcPipih Siti SofiahhText a978-602-437-918-6 aCet. 1 aPipih Siti Sofiah aNurlaili aDian Pratiwi aAzhari Dasman Darnis aKamus Tata Kecantikan Kulit dan Rambut a20230411103458 aJakartabBadan Pengembangan Bahasa dan Perbukuanc2019 aIndonesia a413.1 a160 hlm. :c24 cm. atext